[Event "Yalta Yialos op"]
[Site "Yalta"]
[Date "2022.09.12"]
[Round "9"]
[White "Komisarenko, Mikhail"]
[Black "Kamenskaya, Marina"]
[Result "1/2-1/2"]
[WhiteElo "1089"]
[BlackElo "1492"]
[PlyCount "69"]
[EventDate "2022.09.04"]
[EventType "swiss"]
[EventRounds "9"]
[EventCountry "UKR"]
[SourceTitle "CBM 210 Extra"]
[Source "ChessBase"]
[SourceDate "2022.11.30"]
[SourceVersion "1"]
[SourceVersionDate "2022.11.30"]
[SourceQuality "1"]

1. d4 d5 2. Nf3 Nf6 3. c4 e6 4. g3 Be7 5. Bg2 0-0 6. 0-0 dxc4 7. Qc2 a6 8. a4 Bd7 9. Qxc4 Bc6 10. Bf4 Nbd7 11. Nc3 Nb6 12. Qb3 Nbd5 13. Bd2 Nxc3 14. Bxc3 Ne4 15. Ne5 Bd5 16. Qc2 Nxc3 17. Qxc3 Bxg2 18. Kxg2 Rc8 19. Rfd1 Bf6 20. Ng4 Be7 21. Ne5 c6 22. Qb3 Qd5+ 23. Qxd5 cxd5 24. Rac1 Rfd8 25. e3 f6 26. Nd3 Kf7 27. h4 Bd6 28. f4 Rc4 29. b3 Rcc8 30. Kf3 h5 31. Rxc8 Rxc8 32. Rc1 Rxc1 33. Nxc1 f5 34. Nd3 b6 35. b4 1/2-1/2

[Event "Yalta Yialos Blitz"]
[Site "Yalta"]
[Date "2022.08.31"]
[Round "2"]
[White "Iljin, Timofey"]
[Black "Komisarenko, Mikhail"]
[Result "1-0"]
[WhiteElo "2335"]
[BlackElo "1089"]
[PlyCount "67"]
[EventDate "2022.08.31"]
[EventType "swiss (blitz)"]
[EventRounds "13"]
[EventCountry "UKR"]
[SourceTitle "CBM 210 Extra"]
[Source "ChessBase"]
[SourceDate "2022.11.30"]
[SourceVersion "1"]
[SourceVersionDate "2022.11.30"]
[SourceQuality "1"]

1. d4 Nf6 2. c4 e6 3. Nc3 d5 4. cxd5 exd5 5. Bg5 Be7 6. e3 c6 7. Bd3 0-0 8. Qc2 h6 9. Bh4 Re8 10. Nge2 Ne4 11. Bxe7 Qxe7 12. Bxe4 dxe4 13. Ng3 f5 14. 0-0 Be6 15. f3 exf3 16. Rxf3 Rf8 17. Re1 Qb4 18. a3 Qa5 19. Ref1 Nd7 20. Nxf5 Bxf5 21. Rxf5 Qb6 22. b4 Rxf5 23. Qxf5 Nf6 24. Na4 Qc7 25. Nc5 a5 26. e4 axb4 27. axb4 Qd8 28. Ne6 Qd7 29. e5 Nd5 30. Qg6 Qe7 31. h4 Re8 32. Nxg7 Qxg7 33. Qxe8+ Kh7 34. Rf7 1-0